Organizational theory design and change / (Record no. 198197)

MARC details
000 -LEADER
fixed length control field 00745nam a2200217Ia 4500
005 - DATE AND TIME OF LATEST TRANSACTION
control field 20220209140724.0
008 - FIXED-LENGTH DATA ELEMENTS--GENERAL INFORMATION
fixed length control field 210716s2012 xx 000 0 und d
020 ## - INTERNATIONAL STANDARD BOOK NUMBER
International Standard Book Number 9788131754160
040 ## - CATALOGING SOURCE
Transcribing agency AIMIT LIBRARY
041 ## - LANGUAGE CODE
Language code of text/sound track or separate title eng
082 ## - DEWEY DECIMAL CLASSIFICATION NUMBER
Classification number 658.4006
Edition number 6
Item number JONG
100 ## - MAIN ENTRY--PERSONAL NAME
Personal name Jones, Gareth R.
9 (RLIN) 18570
245 ## - TITLE STATEMENT
Title Organizational theory design and change /
Statement of responsibility, etc. By Gareth R. Jones and Mary Mathew.
250 ## - EDITION STATEMENT
Edition statement 6th ed.
260 ## - PUBLICATION, DISTRIBUTION, ETC.
Place of publication, distribution, etc. New Delhi :
Name of publisher, distributor, etc. Pearson Education ,
Date of publication, distribution, etc. 2012.
300 ## - PHYSICAL DESCRIPTION
Extent Xxiv, 543p. ;
Dimensions 28 cm.
650 ## - SUBJECT ADDED ENTRY--TOPICAL TERM
Topical term or geographic name entry element Organizational design and strategy in a changing global environment
9 (RLIN) 18571
650 ## - SUBJECT ADDED ENTRY--TOPICAL TERM
Topical term or geographic name entry element Innovation intrapreneurship and creativity
9 (RLIN) 18572
700 ## - ADDED ENTRY--PERSONAL NAME
Personal name Nathew, Mary.
9 (RLIN) 18573
942 ## - ADDED ENTRY ELEMENTS (KOHA)
Source of classification or shelving scheme Dewey Decimal Classification
Koha item type Book
Edition 6th
Call number prefix 658.4006 JONG
Holdings
Withdrawn status Lost status Source of classification or shelving scheme Damaged status Not for loan Collection code Home library Current library Date acquired Inventory number Total Checkouts Full call number Barcode Date last seen Date last checked out Price effective from Koha item type Cost, normal purchase price Cost, replacement price
    Dewey Decimal Classification     MBA St Aloysius Institute of Management & Information Technology St Aloysius Institute of Management & Information Technology 07/16/2021 Bill no:; Bill dt:1900-01-00 5 658.4006 JONG MBA00762 05/23/2026 12/12/2024 07/16/2021 Book    
    Dewey Decimal Classification     MBA St Aloysius Institute of Management & Information Technology St Aloysius Institute of Management & Information Technology 07/16/2021 Bill no:; Bill dt:1900-01-00 4 658.4006 JONG MBA01156 05/23/2026 09/10/2025 07/16/2021 Book    
    Dewey Decimal Classification     MBA St Aloysius Institute of Management & Information Technology St Aloysius Institute of Management & Information Technology 07/16/2021 Bill no:; Bill dt:1900-01-00   658.4006 JONG MBA01357 05/23/2026   07/16/2021 Book    
    Dewey Decimal Classification     MBA St Aloysius Institute of Management & Information Technology St Aloysius Institute of Management & Information Technology 07/16/2021 Bill no:; Bill dt:1900-01-00 4 658.4006 JONG MBA01359 05/23/2026 09/10/2025 07/16/2021 Book    
    Dewey Decimal Classification     MBA St Aloysius Institute of Management & Information Technology St Aloysius Institute of Management & Information Technology 07/16/2021 Bill no:; Bill dt:1900-01-00 4 658.4006 JONG MBA01360 05/23/2026 09/10/2025 07/16/2021 Book    
    Dewey Decimal Classification     MBA St Aloysius Institute of Management & Information Technology St Aloysius Institute of Management & Information Technology 10/01/2012 Bill no:1348; Bill dt:2012-09-19 6 658.4006 JONG MBA10042 05/23/2026 03/05/2025 07/16/2021 Book 499.00 374.25